[Event "34th European Club Cup 2018"]
[Site "Halkidiki"]
[Date "2018.10.14"]
[Round "3"]
[White "Danchevski, Orce"]
[Black "Handke, Florian"]
[Result "0-1"]
[WhiteElo "2358"]
[BlackElo "2536"]
[Annotator "ChessBase"]
[PlyCount "106"]
[EventDate "2018.10.12"]
[EventType "team-tourn"]
[EventCountry "GRE"]
[SourceTitle "playchess.com"]
[Source "ChessBase"]
[SourceQuality "1"]
[WhiteTeam "Asseco SEE"]
[BlackTeam "Aachen"]

1. c4 e5 2. Nc3 Bb4 3. Nd5 Na6 4. Nxb4 Nxb4 5. g3 d5 6. Bg2 Nf6 7. a3 Nc6 8. cxd5 Nxd5 9. b4 O-O 10. Bb2 Re8 11. d3 Bg4 12. h3 Bh5 13. Qb3 Nb6 14. Nf3 Qd7 15. g4 Bg6 16. Nh4 Rad8 17. Nxg6 hxg6 18. Rc1 Re6 19. Rc5 Nd4 20. Bxd4 exd4 21. O-O c6 22. b5 Qe7 23. Rfc1 Rxe2 24. Bf3 Re1+ 25. Kg2 Rxc1 26. Rxc1 c5 27. a4 Nc8 28. Rc2 b6 29. Re2 Qd6 30. Bd5 Qf6 31. f4 Nd6 32. Kg3 Re8 33. Qa2 Re3+ 34. Rxe3 dxe3 35. Bf3 g5 36. fxg5 Qe5+ 37. Kg2 Qxg5 38. Qd5 Qh4 39. Be4 Qf2+ 40. Kh1 Qf1+ 41. Kh2 Qf4+ 42. Kg2 Qf2+ 43. Kh1 Qf1+ 44. Kh2 Qf4+ 45. Kg2 Nxe4 46. Qa8+ Kh7 47. Qxe4+ Qxe4+ 48. dxe4 Kg6 49. h4 Kf6 50. Kf3 Ke5 51. Kxe3 c4 52. h5 f6 53. Kf3 Kd4 0-1

[Event "34th European Club Cup 2018"]
[Site "Halkidiki"]
[Date "2018.10.14"]
[Round "3"]
[White "Richter, Christian"]
[Black "Kryvoruchko, Yuriy"]
[Result "0-1"]
[WhiteElo "2356"]
[BlackElo "2697"]
[Annotator "TA"]
[PlyCount "80"]
[EventDate "2018.10.12"]
[EventType "team-tourn"]
[EventCountry "GRE"]
[SourceTitle "playchess.com"]
[Source "ChessBase"]
[SourceQuality "1"]
[WhiteTeam "Bremen"]
[BlackTeam "Alkaloid"]

1. d4 Nf6 2. Nf3 e6 3. c4 b6 4. g3 Ba6 5. Qa4 Bb7 6. Bg2 c5 7. O-O cxd4 8. Nxd4 Bxg2 9. Kxg2 Be7 10. Nc3 O-O 11. Rd1 Qc7 12. Bg5 Rc8 13. Rac1 h6 14. Bxf6 Bxf6 15. Ncb5 Qb7+ 16. Kg1 Be7 17. Nf3 Rc6 18. Ne5 Rc5 19. Nd3 Rf5 20. Nf4 Nc6 21. Nd6 Bxd6 22. Rxd6 Rc8 23. Rcd1 Nb8 24. b3 Ra5 25. Qb4 Rxa2 26. Qc3 Ra5 27. f3 Qc7 28. Kg2 Qc5 29. b4 Qe5 30. Qb3 Ra1 31. Rxa1 Qxa1 32. Rd2 Qe5 33. Ra2 Nc6 34. Rd2 Qc7 35. c5 bxc5 36. bxc5 Rb8 37. Qc3 Qe5 38. Qa3 a5 39. Rxd7 g5 40. Qa4 Rc8 0-1

[Event "34th European Club Cup 2018"]
[Site "Halkidiki"]
[Date "2018.10.14"]
[Round "3"]
[White "Berend, Fred"]
[Black "Laursen, Niels Norskov"]
[Result "1-0"]
[WhiteElo "2350"]
[BlackElo "2304"]
[Annotator "TA"]
[PlyCount "210"]
[EventDate "2018.10.12"]
[EventType "team-tourn"]
[EventCountry "GRE"]
[SourceTitle "playchess.com"]
[Source "ChessBase"]
[SourceQuality "1"]
[WhiteTeam "Dudelange"]
[BlackTeam "Bronshoj"]

1. d4 d6 2. Nf3 Nf6 3. c4 g6 4. Nc3 Bg7 5. e4 O-O 6. Be2 e5 7. O-O Na6 8. Re1 c6 9. Bf1 exd4 10. Nxd4 Ng4 11. h3 Qb6 12. hxg4 Qxd4 13. Qf3 Qe5 14. g5 Qe7 15. Qg3 Nc5 16. Bf4 Be5 17. b4 Nd7 18. Rad1 f6 19. Bxe5 dxe5 20. gxf6 Nxf6 21. Be2 a5 22. b5 Nd7 23. Na4 Qb4 24. Qb3 Nf6 25. Qc2 cxb5 26. Nb6 Ra6 27. Rb1 Qc5 28. Rxb5 Qd4 29. Rd1 Qxe4 30. Qxe4 Nxe4 31. Nxc8 Rxc8 32. Bg4 Rc7 33. Bf3 Nc5 34. Rd5 e4 35. Be2 Na4 36. Rxa5 Nc3 37. Rxa6 Nxe2+ 38. Kf1 bxa6 39. Kxe2 Rxc4 40. Ra5 Rc6 41. Ke3 Kf7 42. Kxe4 Ke6 43. g4 Rc4+ 44. Kf3 Rc6 45. Kf4 Kf6 46. f3 h6 47. Ke4 Ke6 48. Kd4 Rd6+ 49. Ke3 Kf6 50. f4 Ke6 51. Ke4 Rb6 52. Ra4 Rd6 53. Ra3 Kf6 54. Rh3 Kg7 55. Rc3 Kf6 56. a3 Rb6 57. Rc5 Ke6 58. Rc7 Kf6 59. Rd7 Rc6 60. Kd5 Rb6 61. Rd8 Rb5+ 62. Ke4 Ra5 63. Rd6+ Kf7 64. Rd7+ Kf6 65. Rd6+ Kf7 66. Rd3 Ke6 67. Rc3 Ra4+ 68. Kf3 Kf6 69. Kg3 Ke6 70. Rb3 Kf6 71. Re3 Kf7 72. Rf3 Kf6 73. Kh4 Ke6 74. f5+ Kf6 75. fxg6+ Kxg6 76. Rc3 Ra5 77. Rd3 Kf6 78. Rb3 Kg6 79. Rc3 Kf6 80. Rd3 Kg6 81. Rf3 Ra4 82. Rc3 Ra5 83. Rb3 Kf6 84. a4 Rxa4 85. Kh5 Ra1 86. Rb6+ Kg7 87. Rb7+ Kf6 88. Rb6+ Kg7 89. Rg6+ Kf7 90. Kxh6 a5 91. Rg7+ Kf6 92. g5+ Kf5 93. Rf7+ Ke6 94. g6 a4 95. Rf2 a3 96. g7 Rg1 97. Kh7 Rh1+ 98. Kg8 Ke7 99. Re2+ Kd6 100. Ra2 Rh3 101. Rc2 Kd5 102. Rg2 Rb3 103. Kh7 Rb7 104. Ra2 Ke6 105. Kh8 Kd5 1-0

[Event "34th European Club Cup 2018"]
[Site "Halkidiki"]
[Date "2018.10.14"]
[Round "3"]
[White "Stojcevski, Zoran"]
[Black "Braun, Christian"]
[Result "1-0"]
[WhiteElo "2348"]
[BlackElo "2396"]
[Annotator "NA"]
[PlyCount "102"]
[EventDate "2018.10.12"]
[EventType "team-tourn"]
[EventCountry "GRE"]
[SourceTitle "playchess.com"]
[Source "ChessBase"]
[SourceQuality "1"]
[WhiteTeam "Asseco SEE"]
[BlackTeam "Aachen"]

1. e4 e6 2. d4 d5 3. Nc3 Nf6 4. e5 Nfd7 5. f4 c5 6. Nf3 Nc6 7. Be3 a6 8. a3 Be7 9. Bd3 cxd4 10. Nxd4 Nxd4 11. Bxd4 Bc5 12. Bxc5 Nxc5 13. Qd2 Bd7 14. O-O Qb6 15. Kh1 Rc8 16. Rab1 Na4 17. Nxa4 Bxa4 18. f5 Bb5 19. fxe6 fxe6 20. Qg5 Rc7 21. Qh5+ Kd8 22. Rf7 Kc8 23. Rbf1 Kb8 24. Rxc7 Qxc7 25. Bxb5 axb5 26. Qe2 Qc4 27. Qxc4 bxc4 28. c3 Rc8 29. h4 Rc7 30. Kg1 Ka7 31. Rf8 Rd7 32. Rf4 Kb6 33. Kf2 Kb5 34. Ke3 Ka4 35. Kd4 Kb3 36. Rf2 h5 37. g3 b6 38. Rf8 Rc7 39. Rb8 Rc6 40. Rd8 b5 41. Rd6 Rc8 42. Rxe6 Rb8 43. Ra6 Kxb2 44. e6 Re8 45. Rb6 Kxa3 46. Kxd5 Kb3 47. Rxb5+ Kxc3 48. Rb7 Kd3 49. e7 c3 50. Rc7 g5 51. hxg5 Rg8 1-0

[Event "34th European Club Cup 2018"]
[Site "Halkidiki"]
[Date "2018.10.14"]
[Round "3"]
[White "Grigorian, Spartak"]
[Black "Jakovenko, Dmitry"]
[Result "0-1"]
[WhiteElo "2347"]
[BlackElo "2752"]
[Annotator "TA"]
[PlyCount "50"]
[EventDate "2018.10.12"]
[EventType "team-tourn"]
[EventCountry "GRE"]
[SourceTitle "playchess.com"]
[Source "ChessBase"]
[SourceQuality "1"]
[WhiteTeam "Bremen"]
[BlackTeam "Alkaloid"]

1. d4 Nf6 2. Nf3 e6 3. g3 b5 4. e3 a6 5. Bg2 Bb7 6. Nbd2 c5 7. O-O d5 8. b3 b4 9. a3 Nbd7 10. Bb2 cxd4 11. Nxd4 Qc7 12. axb4 Bxb4 13. c3 Bc5 14. c4 O-O 15. cxd5 Bxd5 16. e4 Bb7 17. Qe2 a5 18. Nc4 Ba6 19. e5 Nd5 20. Bxd5 exd5 21. Nf5 dxc4 22. Rad1 c3 23. Qh5 Nxe5 24. Bxc3 Bxf2+ 25. Rxf2 Qxc3 0-1

[Event "34th European Club Cup 2018"]
[Site "Halkidiki"]
[Date "2018.10.14"]
[Round "3"]
[White "Buhr, Carl Christian"]
[Black "Ledger, Andrew J"]
[Result "1/2-1/2"]
[WhiteElo "2342"]
[BlackElo "2353"]
[Annotator "NA"]
[PlyCount "45"]
[EventDate "2018.10.12"]
[EventType "team-tourn"]
[EventCountry "GRE"]
[SourceTitle "playchess.com"]
[Source "ChessBase"]
[SourceQuality "1"]
[WhiteTeam "Bonnevoie"]
[BlackTeam "Blackthorne"]

1. d4 Nf6 2. c4 e6 3. Nf3 b6 4. g3 Ba6 5. Qa4 Bb7 6. Bg2 c5 7. O-O cxd4 8. Nxd4 Bxg2 9. Kxg2 Qc8 10. Rd1 Qb7+ 11. f3 Nc6 12. Be3 Be7 13. Nc3 O-O 14. Nxc6 Qxc6 15. Qxc6 dxc6 16. Bf4 Rfd8 17. Bc7 Rdc8 18. Bd6 Kf8 19. e4 Rd8 20. Bc7 Rdc8 21. Bd6 Rd8 22. Bc7 Rdc8 23. Bd6 1/2-1/2

[Event "34th European Club Cup 2018"]
[Site "Halkidiki"]
[Date "2018.10.14"]
[Round "3"]
[White "Webb, Laurence E"]
[Black "Dishman, Stephen"]
[Result "0-1"]
[WhiteElo "2342"]
[BlackElo "2272"]
[Annotator "NA"]
[PlyCount "134"]
[EventDate "2018.10.12"]
[EventType "team-tourn"]
[EventCountry "GRE"]
[SourceTitle "playchess.com"]
[Source "ChessBase"]
[SourceQuality "1"]
[WhiteTeam "Blackthorne"]
[BlackTeam "Bonnevoie"]

1. d4 d5 2. c4 c6 3. Nf3 Nf6 4. Nc3 dxc4 5. a4 e6 6. e3 c5 7. Bxc4 Nc6 8. O-O cxd4 9. Nxd4 Bd7 10. Ndb5 Qb8 11. e4 a6 12. Nd4 h5 13. h3 Bc5 14. Be3 Ng4 15. hxg4 hxg4 16. g3 Qe5 17. Qxg4 Bxd4 18. Bxd4 Qxd4 19. Be2 Qf6 20. Qf4 Qxf4 21. gxf4 O-O-O 22. Kg2 Rh4 23. Rh1 Rxf4 24. Rh7 g5 25. Rd1 Ne5 26. f3 Bc6 27. Rxd8+ Kxd8 28. Kg3 Ke7 29. b4 Ng6 30. b5 axb5 31. axb5 Rh4 32. Rg7 Be8 33. Rg8 Rh1 34. e5 Nxe5 35. Ne4 Rb1 36. Rxg5 f5 37. Nc5 b6 38. Na4 Bxb5 39. Bxb5 Rxb5 40. Rg7+ Kd6 41. Rb7 Nd7 42. Ra7 Rb3 43. Kf4 Ne5 44. Ra8 Rxf3+ 45. Kg5 Rg3+ 46. Kf4 Rg4+ 47. Ke3 Nc4+ 48. Kf2 b5 49. Ra6+ Ke7 50. Ra7+ Kf6 51. Nc5 Nd6 52. Nd7+ Kg5 53. Ra6 Rd4 54. Nf8 Kf6 55. Nd7+ Ke7 56. Ne5 Rd5 57. Ng6+ Kf6 58. Nf4 Rd4 59. Ke3 e5 60. Ne2 Re4+ 61. Kf3 Ke6 62. Rb6 Rc4 63. Ng3 Rc3+ 64. Kf2 Kd5 65. Nh5 Ne4+ 66. Kg2 Rb3 67. Kf1 f4 0-1

[Event "34th European Club Cup 2018"]
[Site "Halkidiki"]
[Date "2018.10.14"]
[Round "3"]
[White "Sylvan, Jacob"]
[Black "Gnichtel, Gerd"]
[Result "1-0"]
[WhiteElo "2336"]
[BlackElo "2125"]
[Annotator "NA"]
[PlyCount "45"]
[EventDate "2018.10.12"]
[EventType "team-tourn"]
[EventCountry "GRE"]
[SourceTitle "playchess.com"]
[Source "ChessBase"]
[SourceQuality "1"]
[WhiteTeam "Nordkalotten"]
[BlackTeam "Echternach"]

1. e4 c5 2. Nf3 Nc6 3. Nc3 Nf6 4. Bb5 Qc7 5. O-O g6 6. Re1 Bg7 7. e5 Ng4 8. d4 O-O 9. h3 Nh6 10. Nd5 Qd8 11. dxc5 Kh8 12. Bg5 Ng8 13. Qd2 f6 14. exf6 Nxf6 15. c3 b6 16. cxb6 axb6 17. a4 Bb7 18. Rad1 d6 19. Nf4 Qc8 20. Ne6 Rf7 21. Nxg7 Kxg7 22. Bh6+ Kg8 23. Ng5 1-0

[Event "34th European Club Cup 2018"]
[Site "Halkidiki"]
[Date "2018.10.14"]
[Round "3"]
[White "Vedder, Henk"]
[Black "Burg, Twan"]
[Result "1/2-1/2"]
[WhiteElo "2336"]
[BlackElo "2517"]
[Annotator "TA"]
[PlyCount "127"]
[EventDate "2018.10.12"]
[EventType "team-tourn"]
[EventCountry "GRE"]
[SourceTitle "playchess.com"]
[Source "ChessBase"]
[SourceQuality "1"]
[WhiteTeam "En Passant"]
[BlackTeam "Echiquier Amaytois"]

1. d4 Nf6 2. Nc3 d5 3. Bg5 c5 4. Bxf6 gxf6 5. Nf3 Nc6 6. e3 e6 7. Be2 f5 8. O-O Bd7 9. dxc5 Bxc5 10. Na4 Be7 11. c4 dxc4 12. Bxc4 O-O 13. Nc3 Bf6 14. Qe2 Qa5 15. Rfd1 Rad8 16. Nb5 Ne5 17. Nxe5 Bxb5 18. Bxb5 Bxe5 19. Bd3 Qb4 20. Rab1 Qg4 21. Qxg4+ fxg4 22. b3 f5 23. g3 Kf7 24. Kf1 Ke7 25. Bc4 h5 26. Ke2 h4 27. Rxd8 Rxd8 28. Rd1 Rc8 29. Kd2 a6 30. Rc1 Bd6 31. Bd3 Bb4+ 32. Kd1 Rxc1+ 33. Kxc1 Be1 34. gxh4 Bxf2 35. Kd2 Bg1 36. e4 Kf6 37. exf5 exf5 38. h3 gxh3 39. Bf1 h2 40. Bg2 b5 41. a4 Ke5 42. axb5 axb5 43. Ke2 Kd4 44. h5 Kc3 45. Bd5 f4 46. h6 Bd4 47. Kf1 Kd3 48. Kg2 Be5 49. Bc6 b4 50. Kxh2 f3+ 51. Kg1 Ke2 52. Bb5+ Ke3 53. Kf1 Kf4 54. h7 Bd4 55. Ba4 Kg4 56. Bb5 Kg5 57. Bc6 Kh6 58. h8=Q+ Bxh8 59. Bxf3 Kg5 60. Ke2 Kf4 61. Ba8 Ba1 62. Bh1 Bh8 63. Ba8 Ba1 64. Bh1 1/2-1/2

[Event "34th European Club Cup 2018"]
[Site "Halkidiki"]
[Date "2018.10.14"]
[Round "3"]
[White "Hammes, Michael"]
[Black "David, Alberto"]
[Result "1/2-1/2"]
[WhiteElo "2335"]
[BlackElo "2561"]
[Annotator "TA"]
[PlyCount "87"]
[EventDate "2018.10.12"]
[EventType "team-tourn"]
[EventCountry "GRE"]
[SourceTitle "playchess.com"]
[Source "ChessBase"]
[SourceQuality "1"]
[WhiteTeam "Eynatten"]
[BlackTeam "Padova"]

1. d4 Nf6 2. c4 e6 3. Nf3 b6 4. a3 Bb7 5. Nc3 d5 6. cxd5 Nxd5 7. Qc2 Be7 8. e4 Nxc3 9. bxc3 O-O 10. Bd3 c5 11. O-O Qc7 12. Qe2 Rd8 13. Re1 Nd7 14. a4 Rac8 15. Bd2 e5 16. Rac1 c4 17. Bb1 Bd6 18. g3 Re8 19. d5 Nc5 20. Qxc4 Ba6 21. Qa2 Nd3 22. Bxd3 Bxd3 23. c4 Bxc4 24. Qb1 Qe7 25. Bc3 Rc7 26. Nd2 Rec8 27. Nxc4 Rxc4 28. Bd2 Qd7 29. Qb5 Qxb5 30. axb5 Kf8 31. Be3 Ke8 32. f3 Ba3 33. Rxc4 Rxc4 34. Ra1 Rc3 35. Kf2 Rb3 36. Ke2 Kd8 37. f4 f6 38. fxe5 fxe5 39. g4 Ke8 40. h4 Rb2+ 41. Kd3 Rb3+ 42. Ke2 Rb2+ 43. Kd3 Rb3+ 44. Ke2 1/2-1/2

[Event "34th European Club Cup 2018"]
[Site "Halkidiki"]
[Date "2018.10.14"]
[Round "3"]
[White "Pantzar, Milton"]
[Black "Mikhalevski, Victor"]
[Result "1/2-1/2"]
[WhiteElo "2326"]
[BlackElo "2565"]
[Annotator "ChessBase"]
[PlyCount "58"]
[EventDate "2018.10.12"]
[EventType "team-tourn"]
[EventCountry "GRE"]
[SourceTitle "playchess.com"]
[Source "ChessBase"]
[SourceQuality "1"]
[WhiteTeam "Team Viking"]
[BlackTeam "Beer Sheva"]

1. c4 Nf6 2. Nc3 d5 3. cxd5 Nxd5 4. g3 g6 5. Bg2 Nxc3 6. bxc3 Bg7 7. Rb1 Nc6 8. h4 h6 9. Qa4 O-O 10. h5 g5 11. f4 e5 12. fxg5 Qxg5 13. g4 f5 14. Bxc6 bxc6 15. Qxc6 fxg4 16. Qxa8 Qf5 17. d3 e4 18. Qxe4 Qf7 19. Kd1 Bf5 20. Qb7 Be6 21. Kc2 Bd5 22. Qa6 Bxh1 23. Bxh6 Bxh6 24. Qxh6 Qxa2+ 25. Rb2 Qa4+ 26. Kd2 a5 27. Qg5+ Kh7 28. Qg6+ Kh8 29. Qh6+ Kg8 1/2-1/2

[Event "34th European Club Cup 2018"]
[Site "Halkidiki"]
[Date "2018.10.14"]
[Round "3"]
[White "Taylor, Adam C"]
[Black "Van der Lende, Ilias"]
[Result "0-1"]
[WhiteElo "2321"]
[BlackElo "2327"]
[Annotator "NA"]
[PlyCount "92"]
[EventDate "2018.10.12"]
[EventType "team-tourn"]
[EventCountry "GRE"]
[SourceTitle "playchess.com"]
[Source "ChessBase"]
[SourceQuality "1"]
[WhiteTeam "Wood Green"]
[BlackTeam "Deloitte"]

1. Nf3 d5 2. g3 Nf6 3. Bg2 e6 4. O-O Be7 5. c4 dxc4 6. Na3 O-O 7. Nxc4 c5 8. Nfe5 Nbd7 9. Nxd7 Qxd7 10. d3 Nd5 11. a4 Rd8 12. Qb3 Qe8 13. Rd1 Bd7 14. Ne5 Bc6 15. Bd2 Rac8 16. e4 Nb6 17. a5 Ba4 18. Qa2 Bxd1 19. axb6 axb6 20. Rxd1 Ra8 21. Qb1 Qa4 22. Bf3 b5 23. Be2 Qb3 24. Rc1 c4 25. Bc3 f6 26. Bd1 Qa2 27. Qxa2 Rxa2 28. dxc4 b4 29. Bb3 Ra6 30. Nf3 bxc3 31. Rxc3 Bb4 32. Re3 Ra1+ 33. Kg2 Bc5 34. Re2 e5 35. Bc2 Rd6 36. Ne1 Rc1 37. Kf3 h5 38. h4 Bb4 39. Ng2 Rd2 40. Ne3 Rxe2 41. Kxe2 Bc5 42. Bd3 Bxe3 43. Kxe3 Kf8 44. Kd2 Rh1 45. b4 g5 46. hxg5 fxg5 0-1

[Event "34th European Club Cup 2018"]
[Site "Halkidiki"]
[Date "2018.10.14"]
[Round "3"]
[White "Corvi, Marco"]
[Black "Borge, Nikolaj"]
[Result "0-1"]
[WhiteElo "2316"]
[BlackElo "2385"]
[Annotator "TA"]
[PlyCount "138"]
[EventDate "2018.10.12"]
[EventType "team-tourn"]
[EventCountry "GRE"]
[SourceTitle "playchess.com"]
[Source "ChessBase"]
[SourceQuality "1"]
[WhiteTeam "Lazio ASD"]
[BlackTeam "Hillerod"]

1. e4 c5 2. Nc3 Nc6 3. Bb5 Nd4 4. Nf3 a6 5. Bd3 Nxf3+ 6. Qxf3 e6 7. O-O Bd6 8. b3 Qc7 9. Qh3 Ne7 10. Bb2 Ng6 11. Ne2 Be5 12. Bxe5 Nxe5 13. Qg3 O-O 14. c3 Qd6 15. Nc1 b5 16. Rd1 Bb7 17. Bc2 f5 18. d4 f4 19. Qh3 cxd4 20. cxd4 Qc6 21. Nd3 Nf7 22. Nc5 d6 23. Nxb7 Qxc2 24. e5 dxe5 25. dxe5 Ng5 26. Qg4 Qf5 27. Qxf5 Rxf5 28. Re1 Nf7 29. Nc5 Nxe5 30. Nxe6 Ng6 31. Nc7 Ra7 32. Rac1 Kf7 33. f3 Re5 34. Rxe5 Nxe5 35. Nd5 Rd7 36. Rc7 g5 37. Kf1 h6 38. Rxd7+ Nxd7 39. Ke2 Nb8 40. Kd3 Ke6 41. Ke4 Kd6 42. Nf6 Kc5 43. h4 gxh4 44. Nd5 Nc6 45. a3 Nd4 46. b4+ Kc4 47. Nb6+ Kc3 48. Nd5+ Kc4 49. Nxf4 Nc2 50. Nd3 Nxa3 51. f4 Nb1 52. Nc5 Kxb4 53. Nxa6+ Kc4 54. f5 Nd2+ 55. Ke5 Nf3+ 56. gxf3 h3 57. f6 h2 58. f7 h1=Q 59. f8=Q Qa1+ 60. Ke4 Qxa6 61. Qg8+ Kc3 62. Qg7+ Kb3 63. f4 Qc6+ 64. Ke3 b4 65. Qg8+ Qc4 66. Qa8 Qc1+ 67. Ke2 Qxf4 68. Qh8 Qc4+ 69. Kf2 Qc2+ 0-1

[Event "34th European Club Cup 2018"]
[Site "Halkidiki"]
[Date "2018.10.14"]
[Round "3"]
[White "Tesic, Dragan"]
[Black "Papadimitriou, Athanasios"]
[Result "1/2-1/2"]
[WhiteElo "2313"]
[BlackElo "2265"]
[Annotator "NA"]
[PlyCount "107"]
[EventDate "2018.10.12"]
[EventType "team-tourn"]
[EventCountry "GRE"]
[SourceTitle "playchess.com"]
[Source "ChessBase"]
[SourceQuality "1"]
[WhiteTeam "Sloven Ruma"]
[BlackTeam "Thessalonikis"]

1. d4 d5 2. Nf3 Nf6 3. c4 c6 4. Nc3 a6 5. e3 g6 6. Bd3 Bg7 7. O-O O-O 8. h3 c5 9. dxc5 dxc4 10. Bxc4 Qxd1 11. Rxd1 Nbd7 12. Na4 Ne4 13. Nb6 Nxb6 14. cxb6 Nd6 15. Be2 Bf5 16. Nd4 Rac8 17. b3 Nb5 18. Bxb5 Bxd4 19. Rxd4 axb5 20. Ba3 Rfe8 21. Rd5 Ra8 22. Bb2 Rec8 23. Rxb5 Rc2 24. Bd4 Raxa2 25. Rxa2 Rxa2 26. Rc5 Rc2 27. Bc3 f6 28. f3 Kf7 29. Rc7 Ke8 30. e4 Be6 31. b4 h5 32. h4 Kf7 33. Bd4 Rxc7 34. bxc7 b5 35. Kf2 Ke8 36. Kg3 Kd7 37. Bc5 Kxc7 38. Bxe7 f5 39. exf5 Bxf5 40. Kf4 Kd7 41. Bc5 Ke6 42. Kg5 Kf7 43. Bd4 Bd3 44. Kf4 Bf1 45. g3 Be2 46. Bb2 Ke6 47. g4 hxg4 48. fxg4 Kf7 49. Kg5 Bd1 50. h5 gxh5 51. Kxh5 Be2 52. Kg5 Bd1 53. Kf5 Bc2+ 54. Kg5 1/2-1/2

[Event "34th European Club Cup 2018"]
[Site "Halkidiki"]
[Date "2018.10.14"]
[Round "3"]
[White "Schiendorfer, Emanuel"]
[Black "Nikolic, Milos"]
[Result "1/2-1/2"]
[WhiteElo "2310"]
[BlackElo "2279"]
[Annotator "NA"]
[PlyCount "122"]
[EventDate "2018.10.12"]
[EventType "team-tourn"]
[EventCountry "GRE"]
[SourceTitle "playchess.com"]
[Source "ChessBase"]
[SourceQuality "1"]
[WhiteTeam "Winterthur"]
[BlackTeam "Partizan"]

1. Nf3 Nf6 2. g3 c5 3. Bg2 Nc6 4. O-O g6 5. c4 d6 6. Nc3 Bg7 7. d4 cxd4 8. Nxd4 Bd7 9. Nc2 O-O 10. b3 a6 11. Bb2 Rb8 12. Nd5 Ne8 13. Bxg7 Nxg7 14. Qd2 b5 15. cxb5 axb5 16. Rfc1 e6 17. Ndb4 Nxb4 18. Nxb4 d5 19. e4 dxe4 20. Bxe4 Qa5 21. a3 Rfd8 22. Qf4 Be8 23. Bc6 Rbc8 24. Bxe8 Rxe8 25. Nc6 Qc7 26. Qxc7 Rxc7 27. Nd4 Rb7 28. Rc5 Reb8 29. Rac1 Nf5 30. Rc8+ Rxc8 31. Rxc8+ Kg7 32. Nxf5+ gxf5 33. Rc1 Kf6 34. a4 bxa4 35. bxa4 Ra7 36. Rc4 Ke5 37. Kg2 Kd5 38. Rf4 f6 39. Kf3 Kc5 40. Ke3 Rd7 41. Rh4 Rb7 42. Rh6 Rf7 43. Kd3 Kd5 44. Rh4 e5 45. Rb4 Ra7 46. Kc3 Rc7+ 47. Kd3 Ra7 48. Ke3 Kc5 49. Rh4 Kd5 50. Kf3 e4+ 51. Kg2 Ke5 52. Rh5 Ke6 53. a5 Rxa5 54. Rxh7 Ra2 55. Kf1 f4 56. gxf4 Kf5 57. Rh4 Rb2 58. Kg1 Rc2 59. Kf1 Rc3 60. Ke1 Rc2 61. Kf1 Ra2 1/2-1/2

[Event "34th European Club Cup 2018"]
[Site "Halkidiki"]
[Date "2018.10.14"]
[Round "3"]
[White "Popovic, Milan S"]
[Black "Gaehwiler, Gabriel"]
[Result "1-0"]
[WhiteElo "2309"]
[BlackElo "2439"]
[Annotator "TA"]
[PlyCount "101"]
[EventDate "2018.10.12"]
[EventType "team-tourn"]
[EventCountry "GRE"]
[SourceTitle "playchess.com"]
[Source "ChessBase"]
[SourceQuality "1"]
[WhiteTeam "Partizan"]
[BlackTeam "Winterthur"]

1. e4 c5 2. Nc3 d6 3. Nf3 Nf6 4. d4 cxd4 5. Nxd4 a6 6. Be2 g6 7. Be3 Bg7 8. Qd2 O-O 9. f3 b5 10. h4 d5 11. e5 Nh5 12. g4 Ng3 13. Rg1 Nxe2 14. Ndxe2 Bxe5 15. f4 Bg7 16. O-O-O Nc6 17. Qxd5 Bb7 18. Qc5 Qc8 19. Nd5 Qe6 20. Nec3 Rad8 21. f5 Qe5 22. Rge1 Qg3 23. Qb6 Ba8 24. Bf2 Qb8 25. Qxb8 Rxb8 26. Bc5 Rfe8 27. Nc7 Rec8 28. Nxa6 Rb7 29. Bg1 Bxc3 30. bxc3 Na5 31. Rd3 e6 32. f6 Nc6 33. Red1 e5 34. Nb4 Rbb8 35. Bh2 Nxb4 36. cxb4 Be4 37. R3d2 Bf3 38. Re1 Bxg4 39. Rxe5 Rb7 40. Red5 h6 41. Rd8+ Kh7 42. Bf4 Rxd8 43. Rxd8 Rb6 44. Kb2 g5 45. hxg5 h5 46. Rb8 Re6 47. Rxb5 Re4 48. Bd6 h4 49. Rd5 Bf3 50. Rf5 Bg2 51. Rf4 1-0

[Event "34th European Club Cup 2018"]
[Site "Halkidiki"]
[Date "2018.10.14"]
[Round "3"]
[White "Dek, Lennart"]
[Black "Willow, Jonah B"]
[Result "1/2-1/2"]
[WhiteElo "2304"]
[BlackElo "2271"]
[Annotator "NA"]
[PlyCount "83"]
[EventDate "2018.10.12"]
[EventType "team-tourn"]
[EventCountry "GRE"]
[SourceTitle "playchess.com"]
[Source "ChessBase"]
[SourceQuality "1"]
[WhiteTeam "Deloitte"]
[BlackTeam "Wood Green"]

1. e4 c5 2. Nf3 e6 3. d4 cxd4 4. Nxd4 Nc6 5. Nc3 Qc7 6. f4 a6 7. Nxc6 Qxc6 8. Bd3 b5 9. Qe2 Bb7 10. Bd2 Rc8 11. O-O Bc5+ 12. Kh1 Ne7 13. a3 O-O 14. f5 f6 15. Qg4 exf5 16. exf5 Bd4 17. Rae1 Bxc3 18. Bxc3 Nd5 19. Be4 Qc4 20. Qg3 Bc6 21. Bd3 Qc5 22. Bd2 Rfe8 23. Re4 Rxe4 24. Bxe4 Re8 25. Re1 Re5 26. Bh6 Qe7 27. Bxd5+ Bxd5 28. Rxe5 fxe5 29. Bg5 Qf7 30. Qxe5 h6 31. Be3 d6 32. Qf4 Qh5 33. Qf1 Qg4 34. c3 h5 35. Kg1 Qe4 36. Bd4 Bc4 37. Qd1 Qxf5 38. Qe1 Kh7 39. h3 Bd5 40. Qg3 Qg6 41. Qxg6+ Kxg6 42. Kf2 1/2-1/2

[Event "34th European Club Cup 2018"]
[Site "Halkidiki"]
[Date "2018.10.14"]
[Round "3"]
[White "Risting, Eivind Olav"]
[Black "Stojanovic, Mihajlo"]
[Result "0-1"]
[WhiteElo "2299"]
[BlackElo "2522"]
[Annotator "ChessBase"]
[PlyCount "66"]
[EventDate "2018.10.12"]
[EventType "team-tourn"]
[EventCountry "GRE"]
[SourceTitle "playchess.com"]
[Source "ChessBase"]
[SourceQuality "1"]
[WhiteTeam "SK Oslo"]
[BlackTeam "Itaka"]

1. e4 c6 2. d4 d5 3. Nd2 dxe4 4. Nxe4 Bf5 5. Ng3 Bg6 6. h4 h6 7. Nf3 Nd7 8. h5 Bh7 9. Bd3 Bxd3 10. Qxd3 e6 11. Bd2 Ngf6 12. O-O-O Qc7 13. Kb1 O-O-O 14. c4 c5 15. Qe2 cxd4 16. Nxd4 a6 17. Bc3 Bd6 18. Ne4 Nxe4 19. Qxe4 Be5 20. Rhe1 Bf6 21. g3 Qxc4 22. Ba5 Nc5 23. Rc1 Qxd4 24. Rxc5+ Qxc5 25. Bxd8 Bxb2 26. Kxb2 Qb5+ 27. Ka1 Rxd8 28. Qf4 Rd7 29. Rc1+ Kd8 30. Qb8+ Ke7 31. Qf4 Qxh5 32. Qb4+ Kf6 33. Qf4+ Qf5 0-1

[Event "34th European Club Cup 2018"]
[Site "Halkidiki"]
[Date "2018.10.14"]
[Round "3"]
[White "Andonovski, Ljubisa"]
[Black "Juegel, Marcel"]
[Result "0-1"]
[WhiteElo "2287"]
[BlackElo "2187"]
[Annotator "NA"]
[PlyCount "62"]
[EventDate "2018.10.12"]
[EventType "team-tourn"]
[EventCountry "GRE"]
[SourceTitle "playchess.com"]
[Source "ChessBase"]
[SourceQuality "1"]
[WhiteTeam "Asseco SEE"]
[BlackTeam "Aachen"]

1. d4 e6 2. Nf3 b6 3. e4 Bb7 4. Bd3 c5 5. c3 Nf6 6. Qe2 Be7 7. a3 d5 8. e5 Nfd7 9. b4 Nc6 10. h4 h6 11. Nbd2 Qc7 12. Bb2 c4 13. Bc2 O-O-O 14. b5 Na5 15. O-O g5 16. h5 Rdf8 17. Nh2 f6 18. exf6 Nxf6 19. Bg6 Kb8 20. Qxe6 Bd6 21. g3 Nb3 22. Nxb3 cxb3 23. Qe2 Bc8 24. Qd3 Qd7 25. Rfe1 Ng4 26. Nxg4 Qxg4 27. Re3 Rf6 28. Rd1 Rhf8 29. Rd2 Bf4 30. Qe2 Bxe3 31. Qxe3 Re6 0-1